000 00425nam a22001817a 4500
003 MPLRDC
005 20220104123507.0
008 210129b ||||| |||| 00| 0 eng d
082 _a411.3 CDD
100 _a陈东达编著
245 _a中国民间养生食物
_c
250 _a初版
260 _a
_b星光出版社
_c1983
300 _b
490 _a双子星丛书;244
650 _a
942 _cBK
_o411.3 CDD
999 _c11869
_d11859